Minecraft Dinge erkennen - Statistiken

Allgemein
  • Dieses Quiz wurde 2.863 mal gespielt
  • Das Durchschnittsergebnis liegt bei 13 aus 16
Antwortstatistiken
Bildquiz Antwort % Korrekt
Katze
100%
Creeper
99%
Stein
99%
Das Ende
98%
Lama
98%
Sattel
98%
Faden
96%
Orange Wolle
90%
Eichenholz
87%
Piglin
82%
Wächter
80%
Redstone-Lampe
76%
Detektor-Schiene
72%
Bergungskompass
70%
Leitstein
52%
Maiglocke
34%
Keine übereinstimmenden Quizze gefunden
Verteilung der Resultate
Anzahl Personen mit jedem Resultat
Perzentil nach korrekt beantworteten Fragen
Ihre Resultats-Entwicklung
Sie haben dieses Quiz noch nicht gespielt